| 000 | 01278nam a2200313 i 4500 | ||
|---|---|---|---|
| 003 | EG-GICUC | ||
| 005 | 20260209093916.0 | ||
| 008 | 260209s1987 ua ||||fr|||| 00| 0 ara d | ||
| 040 |
_a EG-GICUC _bara _c EG-GICUC _d EG-GICUC _erda |
||
| 041 | 0 | _aara | |
| 082 | 0 | 4 |
_a343.42 _bم ح . ق _221 |
| 092 | 0 | 4 | _221 |
| 099 | _aLaw1 10 343.42 م ح . ق 1987 1006847 | ||
| 100 | 0 |
_aمحمد محمود سعيد. _eمؤلف. |
|
| 245 | 1 | 0 |
_aقانون الأحكام العسكرية معلقا عليه. _nالجزء الأول، _pالإجراءات / _cدكتور محمد محمود سعيد. |
| 264 | 3 |
_aالقاهرة : _bمحمد محمود سعيد، _c1987. |
|
| 300 |
_a344 صفحة ؛ _c24 سم. _bإيضاحيات، صور، مثيليات ؛ |
||
| 336 |
_2rda content _atext |
||
| 337 |
_2rda media _aComputer |
||
| 338 |
_2rda carrier _aOnline Resource |
||
| 504 | _aيشتمل على إرجاعات ببليوجرافية. | ||
| 546 | _aالنص باللغة العربية | ||
| 650 | 1 | 4 |
_aالتشريعات المتعلقة بالصحة والأخلاق العامة. _2qrmak |
| 650 | 1 | 4 |
_aالقانون الجنائي. _2qrmak |
| 651 | 1 | _2qrmak | |
| 856 | 4 | 0 | _uhttps://fll.law.cu.edu.eg/fulltext/bks/B10-06517.pdf |
| 905 | _a18 | ||
| 942 |
_2ddc _cBK _e21 _n0 |
||
| 999 |
_c61729 _d61729 |
||